00423nam a22001577a 4500003000500000005001700005008004100022020001800063040000600081082001800087100002100105245006000126260003400186300000900220650003600229CEME20210628210505.0210208b xxu||||| |||| 00| 0 eng d a0-8247-7574-0 c. a621.38174 HED aHedden, Robert.P aCost engineering in printed circuit board manufacturing aNEW YORKbMARCEL DEKKERc1987 a228P aPRINTED CIRCUITS INDUSTRY-COSTS